Statistics for Betty White Filmography

Click here to take the quiz!

General Stats

  • This quiz has been taken 101 times
    (55 since last reset)
  • The average score is 18 of 189

Answer Stats

TypeYearName% Correct
TV Show1985-1992The Golden Girls
90%
Film2009The Proposal
70%
TV Show1992-1993The Golden Palace
60%
TV Show1973-1977The Mary Tyler Moore Show
60%
TV Show2010-2015Hot in Cleveland
50%
Film1999Lake Placid
50%
TV Show2010, 2015Saturday Night Live
50%
TV Show1954 | 1958 | 1977-1978The Betty White Show
50%
TV Show1983-1986Mama's Family
40%
TV Show1961-2008Password
40%
Commercial2010, 2012Snickers
40%
Film2012The Lorax
40%
Film2010You Again
40%
TV Show2012-2014Betty White's Off Their Rockers
30%
Film2003Bringing Down the House
30%
TV Show2010Community
30%
TV Show1989, 1992Empty Nest
30%
TV Show1953-1955Life with Elizabeth
30%
TV Show2006-2009The Bold and the Beautiful
30%
TV Show2010The Middle
30%
TV Show2000, 2007The Simpsons
30%
Film2019Toy Story 4
30%
TV Show2007Ugly Betty
30%
TV Film2005Annie's Point
20%
Documentary2022Betty White: A Celebration
20%
TV Show2015, 2017Bones
20%
TV Show2005-2008Boston Legal
20%
TV Show1957-1958Date with the Angels
20%
Film1998Dennis the Menace Strikes Again!
20%
TV Show2006Family Guy
20%
TV Show1999-2001Ladies Man
20%
TV Show2004Malcolm in the Middle
20%
TV Show1963-1982, 1991Match Game
20%
TV Show2016SpongeBob SquarePants
20%
TV Show1958-1962The Jack Parr Tonight Show
20%
TV Film2011The Lost Valentine
20%
TV Show2004The Practice
20%
TV Show1985Who's the Boss?
20%
TV Show2017Young & Hungry
20%
TV Show200930 Rock
10%
TV Special196778th Annual Tournament of Roses Parade
10%
Commercial2011AARP
10%
TV Show1999Ally McBeal
10%
TV Documentary2018Betty White: First Lady of Television
10%
TV Special2012Betty White's 90th Birthday: A Tribute to America's Golden Girl
10%
TV Show2015Betty White's Smartest Animals in America
10%
TV Show1993Bob
10%
TV Film1982Eunice
10%
TV Show2004Father of the Pride
10%
TV Show2003Gary the Rat
10%
Film1998Hard Rain
10%
TV Show2005Joey
10%
Film2009Love N' Dancing
10%
TV Special1966, 1968Macy's Thanksgiving Day Parade
10%
TV Show2013Mickey Mouse
10%
TV Show2009My Name Is Earl
10%
TV Show1991Nurses
10%
Film2008Ponyo
10%
TV Show2010-2013Pound Puppies
10%
TV Show2002Providence
10%
TV Show2013Save Me
10%
Film2007Sea Tales
10%
TV Film2003Stealing Christmas
10%
TV Show2002-2003That '70s Show
10%
TV Show1975The Carol Burnett Show
10%
TV Show2012The Client List
10%
TV Show1980-1985The Love Boat
10%
TV Show1971The Pet Set
10%
TV Film2001The Retrievers
10%
TV Show1976, 1977The Sonny & Cher Show
10%
TV Show2014The Soul Man
10%
Film1999The Story of Us
10%
TV Show1958-2001, 2016To Tell the Truth
10%
Film2019Trouble
10%
Film1962Advise & Consent
0%
TV Film1987Alf Loves a Mystery
0%
TV Show1969Allen Ludden's Gallery
0%
TV Show1988Another World
0%
Theater1967Any Wednesday
0%
Commercial1999Arby's
0%
TV Film1996A Weekend in the Country
0%
TV Film1979Before and After
0%
Theater1965Bell, Book and Candle
0%
TV Show1981Best of the West
0%
Documentary2011Betty White: Champion for Animals
0%
TV Documentary2013Betty White Goes Wild
0%
Documentary2022Betty White: Pure Gold
0%
TV Special2013Betty White's 2nd Annual 90th Birthday
0%
Documentary Series2013Big Cat Week
0%
Stand-Up Special1986Big City Comedy
0%
TV Show1990Carol & Company
0%
TV Documentary2022Celebrating Betty White: America's Golden Girl
0%
TV Film1991Chance of a Lifetime
0%
Commercial2011Childhelp
0%
TV Show2004, 2005Complete Savages
0%
Theater1962, 1964Critic's Choice
0%
TV Show2016Crowded
0%
TV Show1987D.C. Follies
0%
TV Special1978Dean Martin Celebrity Roast: Betty White
0%
TV Show1994Diagnosis: Murder
0%
TV Show1999Disney's Hercules: The Animated Series
0%
TV Show1975Ellery Queen
0%
TV Show2003, 2004Everwood
0%
TV Show1983Fame
0%
Commercial1960sFantastik
0%
TV Show2015, 2017, 2018Fireside Chats with Esther
0%
Web Series2019Forky Asks a Question
0%
TV Show2009, 2010Glenn Martin, DDS
0%
TV Special1995Great Love Songs
0%
Theater1979Hello, Dolly!
0%
TV Show2007Higglytown Heroes
0%
TV Show1949Hollywood on Television
0%
Film1998Holy Man
0%
TV Show1984Hotel
0%
TV Documentary2017If You're Not in the Obit, Eat Breakfast
0%
TV Show2003I'm with Her
0%
Documentary2007In Search of Puppy Love
0%
Documentary Series2000Intimate Portrait
0%
Theater1963Janus
0%
TV Show1983Just Men!
0%
TV Show1999, 2002King of the Hill
0%
TV Show1998L.A. Doctors
0%
Documentary2013Letters to Jackie: Remembering President Kennedy
0%
TV Show1976-1979Liar's Club
0%
TV Documentary2012Love Betty White
0%
TV Show1982Love, Sidney
0%
TV Show1975Lucas Tanner
0%
TV Show1987Matlock
0%
TV Show1995-1996Maybe This Time
0%
TV Show2004My Wife and Kids
0%
TV Show1998Noddy: Anything Can Happen at Christmas
0%
TV Show1972O'Hara, U.S. Treasury
0%
Theater1968Once More, with Feeling
0%
TV Short2010Operation: Secret Santa - A Prep & Landing Stocking Stuffer
0%
Short Film2009Part Two: The Warm Mission
0%
Commercial2006PetMeds
0%
TV Show1969Petticoat Junction
0%
Commercial2016Philips Lifeline
0%
TV Film2003Return to the Batcave: The Misadventures of Adam and Burt
0%
Commercial1960Richard Hudnut's Fashion Quick Home Permanent
0%
TV Show1988Santa Barbara
0%
TV Film1978Snavely
0%
TV Special2004SPCALA Telethon
0%
Commercial1970Spray 'n Wash
0%
TV Show1985St. Elsewhere
0%
TV Short1981Stephanie
0%
TV Show1996Suddenly Susan
0%
Theater1961Take Me Along
0%
TV Show2002Teacher's Pet
0%
TV Show1968That's Life
0%
TV Show1982The $25,000 Pyramid
0%
TV Film1979The Best Place to Be
0%
TV Special1990The Earth Day Special
0%
TV Show1952The Eddie Albert Show
0%
TV Show2001The Ellen Show
0%
TV Film1980The Gossip Columnist
0%
TV Show2003The Grim Adventures of Billy & Mandy
0%
TV Show1978The Hanna-Barbera Happy Hour
0%
Film1980The Hollywood Knights
0%
TV Show1996The John Larroquette Show
0%
Theater1959-1960The King and I
0%
TV Show1998The Lionhearts
0%
TV Show1986The Magical World of Disney
0%
TV Show1956The Millionaire
0%
TV Show1995The Naked Truth
0%
TV Show1972The Odd Couple
0%
TV Film1996The Story of Santa Claus
0%
Film2005The Third Wish
0%
TV Show1962The United States Steel Hour
0%
TV Show2000The Wild Thornberrys
0%
TV Film2001The Wild Thornberrys: The Origin of Donnie
0%
Commercial2012Tide
0%
Short Film1945Time to Kill
0%
Film2000Tom Sawyer
0%
TV Show1984Trivia Trap
0%
Commercial1996US Healthcare
0%
TV Mini-Series1971Vanished
0%
Commercial2012Visit California
0%
TV Show1955-1956What's My Line?
0%
Film2006Where's Marty?
0%
Film2000Whispers: An Elephant's Tale
0%
Theater1960Who Was That Lady I Saw You With?
0%
TV Film1978With This Ring
0%
TV Show2014WWE Raw
0%
TV Show2002Yes, Dear
0%
TV Show1963-1975You Don't Say!
0%
Documentary2007Your Mommy Kills Animals
0%

Score Distribution

Percentile by Number Answered

Percent of People with Each Score

Your Score History

You have not taken this quiz since the last reset